[Event "EYCC 2024 - O12"]
[Site "?"]
[Date "2024.08.23"]
[Round "2.9"]
[White "Oikonomopoulos, Filippos"]
[Black "Garakhanov, Shamsi"]
[Result "0-1"]
[BlackElo "1906"]
[WhiteElo "2088"]
[LiveChessVersion "1.4.8"]

1. e4 {[%clk 1:30:56]} c5 {[%clk 1:30:56]} 2. Nf3 {[%clk 1:31:21]} d6
{[%clk 1:31:21]} 3. d4 {[%clk 1:31:44]} cxd4 {[%clk 1:31:46]} 4. Nxd4
{[%clk 1:32:08]} Nf6 {[%clk 1:32:07]} 5. Nc3 {[%clk 1:32:29]} a6 {[%clk 1:32:30]}
6. Bg5 {[%clk 1:32:43]} e6 {[%clk 1:32:49]} 7. a3 {[%clk 1:33:09]} Be7
{[%clk 1:31:56]} 8. Qf3 {[%clk 1:32:52]} O-O {[%clk 1:31:33]} 9. O-O-O
{[%clk 1:32:18]} Qc7 {[%clk 1:29:33]} 10. g4 {[%clk 1:16:21]} b5 {[%clk 1:23:31]}
11. Bd2 {[%clk 1:14:10]} Nc6 {[%clk 1:19:22]} 12. Nxc6 {[%clk 1:12:20]} Qxc6
{[%clk 1:19:44]} 13. g5 {[%clk 1:07:03]} Nd7 {[%clk 1:17:05]} 14. h4
{[%clk 0:59:52]} Rb8 {[%clk 1:15:14]} 15. h5 {[%clk 0:48:31]} a5 {[%clk 1:12:28]}
16. g6 {[%clk 0:36:15]} b4 {[%clk 1:04:39]} 17. Nb1 {[%clk 0:20:23]} Bf6
{[%clk 1:01:51]} 18. axb4 {[%clk 0:19:18]} axb4 {[%clk 1:01:20]} 19. h6
{[%clk 0:12:39]} fxg6 {[%clk 0:56:44]} 20. Qh3 {[%clk 0:12:43]} Kf7
{[%clk 0:46:44]} 21. hxg7 {[%clk 0:11:05]} Bxg7 {[%clk 0:47:06]} 22. f4
{[%clk 0:08:24]} Rh8 {[%clk 0:35:44]} 23. e5 {[%clk 0:05:11]} Bb7
{[%clk 0:33:58]} 24. Rh2 {[%clk 0:04:47]} b3 {[%clk 0:26:31]} 25. c3
{[%clk 0:02:58]} d5 {[%clk 0:26:23]} 26. Be3 {[%clk 0:02:46]} Ba6
{[%clk 0:24:52]} 27. Bg2 {[%clk 0:01:55]} Bc4 {[%clk 0:24:39]} 28. Nd2
{[%clk 0:01:49]} Ra8 {[%clk 0:24:12]} 29. Nf3 {[%clk 0:02:01]} Ra1+
{[%clk 0:24:23]} 30. Kd2 {[%clk 0:02:27]} Rxd1+ {[%clk 0:24:49]} 31. Kxd1
{[%clk 0:02:56]} Nf8 {[%clk 0:23:31]} 32. Nd4 {[%clk 0:01:57]} Qa6
{[%clk 0:23:31]} 33. Qg4 {[%clk 0:01:54]} h5 {[%clk 0:22:36]} 34. Qg3
{[%clk 0:01:56]} Rg8 {[%clk 0:20:37]} 35. Bh3 {[%clk 0:02:04]} Bf1
{[%clk 0:20:46]} 36. Nxb3 {[%clk 0:01:53]} Bxh3 {[%clk 0:20:46]} 37. Qxh3
{[%clk 0:02:12]} Qa4 {[%clk 0:20:53]} 38. Kc2 {[%clk 0:01:43]} Nd7
{[%clk 0:21:00]} 39. f5 {[%clk 0:01:54]} Qe4+ {[%clk 0:20:47]} 40. Kd2
{[%clk 0:01:39]} exf5 {[%clk 0:21:08]} 41. e6+ {[%clk 0:01:36]} Qxe6
{[%clk 0:21:16]} 42. Re2 {[%clk 0:01:38]} Nf6 {[%clk 0:21:28]} 43. Nc5
{[%clk 0:01:19]} Ne4+ {[%clk 0:21:48]} 44. Nxe4 {[%clk 0:01:41]} dxe4
{[%clk 0:22:14]} 45. Bg5 {[%clk 0:01:53]} Rb8 {[%clk 0:22:39]} 46. Ke1
{[%clk 0:02:12]} Ra8 {[%clk 0:23:02]} 47. Qe3 {[%clk 0:02:16]} Ra1+
{[%clk 0:23:27]} 48. Kf2 {[%clk 0:02:42]} Rd1 {[%clk 0:23:24]} 49. Rd2
{[%clk 0:02:22]} Rxd2+ {[%clk 0:23:41]} 50. Qxd2 {[%clk 0:02:51]} Bf6
{[%clk 0:23:40]} 51. Bf4 {[%clk 0:03:18]} h4 {[%clk 0:23:40]} 52. b4
{[%clk 0:02:05]} Qe7 {[%clk 0:23:04]} 53. Qd5+ {[%clk 0:02:09]} Kg7
{[%clk 0:23:29]} 54. Bd6 {[%clk 0:02:21]} Qf7 {[%clk 0:23:43]} 55. Qc5
{[%clk 0:02:13]} Qa2+ {[%clk 0:23:24]} 56. Ke3 {[%clk 0:02:09]} Bg5+
{[%clk 0:22:58]} 57. Bf4 {[%clk 0:02:33]} Bxf4+ {[%clk 0:23:23]} 58. Kxf4
{[%clk 0:03:02]} Qh2+ {[%clk 0:23:32]} 0-1

[Event "EYCC 2024 - O12"]
[Site "?"]
[Date "2024.08.23"]
[Round "2.10"]
[White "Ferreira, Vasco Capitao Mendes"]
[Black "Nicot, Valentin"]
[Result "0-1"]
[BlackElo "2068"]
[WhiteElo "1883"]
[LiveChessVersion "1.4.8"]

1. e4 {[%clk 1:30:56]} e5 {[%clk 1:30:20]} 2. Nf3 {[%clk 1:31:10]} Nf6
{[%clk 1:30:15]} 3. Nc3 {[%clk 1:31:04]} Nc6 {[%clk 1:30:25]} 4. Bb5
{[%clk 1:30:15]} Bb4 {[%clk 1:30:06]} 5. d3 {[%clk 1:25:36]} d6 {[%clk 1:29:40]}
6. h3 {[%clk 1:23:25]} O-O {[%clk 1:28:29]} 7. O-O {[%clk 1:21:46]} Bxc3
{[%clk 1:25:58]} 8. bxc3 {[%clk 1:21:14]} Ne7 {[%clk 1:24:13]} 9. Bg5
{[%clk 1:17:31]} Ng6 {[%clk 1:23:11]} 10. Re1 {[%clk 1:10:38]} h6
{[%clk 1:20:45]} 11. Bd2 {[%clk 0:58:12]} Be6 {[%clk 1:14:59]} 12. d4
{[%clk 0:54:08]} c5 {[%clk 1:12:15]} 13. a4 {[%clk 0:46:43]} Qc7 {[%clk 1:08:23]}
14. a5 {[%clk 0:42:37]} Rac8 {[%clk 1:05:05]} 15. d5 {[%clk 0:40:15]} Bd7
{[%clk 1:05:19]} 16. c4 Bxb5 {[%clk 0:53:54]} 17. cxb5 {[%clk 0:37:13]} c4
{[%clk 0:54:14]} 18. Qb1 {[%clk 0:28:23]} c3 {[%clk 0:51:15]} 19. Bc1
{[%clk 0:28:38]} Qc4 {[%clk 0:51:09]} 20. Ba3 {[%clk 0:22:17]} Nxe4
{[%clk 0:49:01]} 21. Qb4 {[%clk 0:21:20]} f5 {[%clk 0:47:53]} 22. Rab1
{[%clk 0:18:00]} Qxd5 {[%clk 0:45:26]} 23. Rbd1 {[%clk 0:17:51]} Qf7
{[%clk 0:41:54]} 24. Qb3 {[%clk 0:16:24]} Qxb3 {[%clk 0:41:42]} 25. cxb3
{[%clk 0:16:48]} c2 {[%clk 0:38:42]} 26. Rc1 {[%clk 0:16:00]} Nf4
{[%clk 0:38:52]} 27. Re3 {[%clk 0:15:57]} Nc3 {[%clk 0:36:02]} 28. Rxc2
{[%clk 0:15:03]} Nxb5 {[%clk 0:36:22]} 29. Rxc8 {[%clk 0:14:55]} Rxc8
{[%clk 0:36:45]} 30. Bb4 {[%clk 0:14:50]} Nd5 {[%clk 0:37:01]} 31. Bd2
{[%clk 0:14:14]} Nxe3 {[%clk 0:37:23]} 32. Bxe3 {[%clk 0:14:37]} Rc3
{[%clk 0:36:56]} 33. b4 {[%clk 0:14:20]} Rb3 {[%clk 0:37:02]} 34. Bd2
{[%clk 0:14:32]} Nd4 {[%clk 0:37:08]} 35. Nxd4 {[%clk 0:14:14]} exd4
{[%clk 0:37:30]} 36. Kf1 {[%clk 0:14:41]} d3 {[%clk 0:37:52]} 37. f4
{[%clk 0:14:42]} Rb2 {[%clk 0:38:15]} 38. Ke1 {[%clk 0:15:01]} Kf7
{[%clk 0:38:15]} 39. g4 {[%clk 0:15:22]} g6 {[%clk 0:38:36]} 40. gxf5
{[%clk 0:15:37]} gxf5 {[%clk 0:38:57]} 41. Bc3 {[%clk 0:16:00]} Re2+
{[%clk 0:39:05]} 42. Kd1 {[%clk 0:16:20]} Ke6 {[%clk 0:39:11]} 43. h4
{[%clk 0:16:32]} Rf2 {[%clk 0:39:19]} 44. Bd2 {[%clk 0:16:49]} Rh2
{[%clk 0:39:27]} 45. Be1 {[%clk 0:17:12]} Kd5 {[%clk 0:39:43]} 46. a6
{[%clk 0:17:36]} bxa6 {[%clk 0:40:05]} 47. b5 {[%clk 0:18:00]} axb5
{[%clk 0:40:26]} 48. h5 {[%clk 0:18:23]} Ke4 {[%clk 0:40:36]} 49. Bb4
{[%clk 0:18:13]} Rxh5 {[%clk 0:40:48]} 50. Bxd6 {[%clk 0:18:20]} a5
{[%clk 0:41:13]} 51. Kd2 {[%clk 0:18:27]} b4 {[%clk 0:41:33]} 52. Kd1
{[%clk 0:18:51]} b3 {[%clk 0:41:51]} 53. Ba3 {[%clk 0:19:07]} Rh2
{[%clk 0:42:15]} 54. Kc1 {[%clk 0:19:16]} d2+ {[%clk 0:42:33]} 0-1

[Event "EYCC 2024 - O12"]
[Site "?"]
[Date "2024.08.23"]
[Round "2.11"]
[White "Filindash, Nikita"]
[Black "Ibrahimli, Suat"]
[Result "1/2-1/2"]
[BlackElo "1893"]
[WhiteElo "2067"]
[LiveChessVersion "1.4.8"]

1. d4 Nf6 {[%clk 1:30:52]} 2. c4 {[%clk 1:31:22]} e6 {[%clk 1:31:19]} 3. Nc3
{[%clk 1:31:49]} Bb4 {[%clk 1:31:45]} 4. e3 {[%clk 1:32:15]} O-O {[%clk 1:32:09]}
5. Bd2 {[%clk 1:32:38]} c5 6. a3 {[%clk 1:30:41]} Bxc3 {[%clk 1:31:06]} 7. Bxc3
{[%clk 1:31:09]} Ne4 {[%clk 1:29:21]} 8. Rc1 cxd4 {[%clk 1:20:47]} 9. exd4
{[%clk 1:21:59]} b6 {[%clk 1:19:47]} 10. Bd3 {[%clk 1:15:54]} Bb7
{[%clk 1:17:47]} 11. Nf3 {[%clk 1:15:08]} d6 {[%clk 1:07:56]} 12. O-O
{[%clk 1:13:07]} Nd7 {[%clk 1:06:27]} 13. b4 {[%clk 1:08:20]} f5 {[%clk 1:04:05]}
14. Re1 {[%clk 1:05:48]} Qf6 {[%clk 1:04:00]} 15. Ba1 {[%clk 0:58:39]} Qh6
{[%clk 1:00:45]} 16. Rc2 {[%clk 0:49:29]} Ndf6 {[%clk 1:00:37]} 17. c5
{[%clk 0:45:37]} Bd5 {[%clk 0:57:21]} 18. Qc1 {[%clk 0:41:23]} Qh5
{[%clk 0:53:32]} 19. Bc4 {[%clk 0:37:39]} g5 {[%clk 0:50:54]} 20. Bxd5
{[%clk 0:37:10]} Nxd5 {[%clk 0:49:50]} 21. Nd2 {[%clk 0:32:32]} Nf4
{[%clk 0:44:15]} 22. Qd1 {[%clk 0:29:53]} Qxd1 {[%clk 0:33:25]} 23. Rxd1
{[%clk 0:27:25]} Nxd2 {[%clk 0:33:39]} 24. Rdxd2 {[%clk 0:27:23]} Nd5
{[%clk 0:33:31]} 25. Re2 {[%clk 0:27:13]} Kf7 {[%clk 0:33:33]} 26. Bb2
{[%clk 0:26:09]} Rfd8 {[%clk 0:33:04]} 27. h3 {[%clk 0:22:28]} Rac8
{[%clk 0:33:15]} 28. Bc1 {[%clk 0:21:44]} 1/2-1/2

[Event "EYCC 2024 - O12"]
[Site "?"]
[Date "2024.08.23"]
[Round "2.12"]
[White "Krstevski, Pavel"]
[Black "Radzimski, Antoni"]
[Result "0-1"]
[BlackElo "2062"]
[WhiteElo "1873"]
[LiveChessVersion "1.4.8"]

1. d4 {[%clk 1:30:27]} Nf6 {[%clk 1:30:07]} 2. Nf3 {[%clk 1:30:02]} d5
{[%clk 1:30:16]} 3. Bf4 {[%clk 1:29:30]} c5 {[%clk 1:30:39]} 4. e3
{[%clk 1:29:12]} Nc6 {[%clk 1:31:03]} 5. c3 {[%clk 1:26:31]} Nh5 {[%clk 1:31:27]}
6. Bg3 {[%clk 1:24:36]} Nxg3 {[%clk 1:29:59]} 7. hxg3 {[%clk 1:24:53]} Qb6
{[%clk 1:30:10]} 8. Qc1 {[%clk 1:21:21]} Bf5 {[%clk 1:28:32]} 9. Be2
{[%clk 1:19:17]} g6 {[%clk 1:28:18]} 10. Nbd2 {[%clk 1:17:46]} Bg7
{[%clk 1:26:12]} 11. O-O {[%clk 1:15:00]} O-O {[%clk 1:25:41]} 12. Re1
{[%clk 1:10:47]} Rac8 {[%clk 1:24:06]} 13. dxc5 {[%clk 1:05:36]} Qxc5
{[%clk 1:23:40]} 14. Nb3 {[%clk 1:03:34]} Qb6 {[%clk 1:20:44]} 15. Qd2
{[%clk 1:00:53]} Rfd8 {[%clk 1:16:12]} 16. Nfd4 {[%clk 0:55:05]} Bd7
{[%clk 1:12:56]} 17. Nxc6 {[%clk 0:51:59]} Bxc6 {[%clk 1:10:30]} 18. Nd4
{[%clk 0:45:33]} Be8 {[%clk 1:07:01]} 19. Red1 {[%clk 0:40:33]} e5
{[%clk 1:03:38]} 20. Nf3 {[%clk 0:37:25]} Bc6 {[%clk 1:00:35]} 21. Rab1
{[%clk 0:30:13]} a5 {[%clk 0:57:34]} 22. Qe1 {[%clk 0:25:55]} h6 {[%clk 0:55:52]}
23. g4 {[%clk 0:21:44]} Qc7 {[%clk 0:53:50]} 24. Qf1 {[%clk 0:18:50]} Qd7
{[%clk 0:52:18]} 25. c4 {[%clk 0:15:10]} d4 {[%clk 0:51:43]} 26. exd4
{[%clk 0:15:01]} exd4 {[%clk 0:51:53]} 27. Nd2 {[%clk 0:14:40]} d3
{[%clk 0:49:17]} 28. Bf3 {[%clk 0:13:57]} Bxf3 {[%clk 0:48:40]} 29. Nxf3
{[%clk 0:14:18]} Rxc4 {[%clk 0:48:00]} 30. Rd2 {[%clk 0:13:49]} Rxg4
{[%clk 0:42:06]} 31. Rbd1 {[%clk 0:13:37]} Qc6 {[%clk 0:40:24]} 32. Rxd3
{[%clk 0:12:00]} Rxd3 {[%clk 0:40:35]} 33. Qxd3 {[%clk 0:12:21]} Bxb2
{[%clk 0:38:56]} 34. Rb1 {[%clk 0:09:44]} Bg7 {[%clk 0:36:41]} 35. Qe3
{[%clk 0:08:08]} b5 {[%clk 0:35:03]} 36. Rc1 {[%clk 0:07:47]} Rc4
{[%clk 0:35:05]} 37. Rd1 {[%clk 0:08:06]} Rc3 {[%clk 0:31:13]} 38. Qf4
{[%clk 0:07:51]} Qc4 {[%clk 0:29:05]} 39. Qd2 {[%clk 0:05:55]} a4
{[%clk 0:28:07]} 40. Qd8+ {[%clk 0:03:26]} Kh7 {[%clk 0:28:07]} 41. Qd7
{[%clk 0:02:35]} Rc1 {[%clk 0:27:34]} 42. Rxc1 {[%clk 0:02:51]} Qxc1+
{[%clk 0:27:59]} 43. Kh2 {[%clk 0:03:17]} Qc4 {[%clk 0:28:13]} 44. Qe8
{[%clk 0:02:34]} Qxa2 {[%clk 0:27:27]} 45. Qxb5 {[%clk 0:02:57]} a3
{[%clk 0:27:45]} 46. Qc5 {[%clk 0:02:35]} Qb2 {[%clk 0:27:58]} 0-1

[Event "EYCC 2024 - O12"]
[Site "?"]
[Date "2024.08.23"]
[Round "2.13"]
[White "El Zein, Bassam"]
[Black "Hellerud, Lauritz Nissen"]
[Result "1/2-1/2"]
[BlackElo "1873"]
[WhiteElo "2044"]
[LiveChessVersion "1.4.8"]

1. Nf3 {[%clk 1:30:56]} d5 {[%clk 1:30:52]} 2. g3 {[%clk 1:31:22]} Nf6
{[%clk 1:31:16]} 3. Bg2 {[%clk 1:31:48]} e6 {[%clk 1:31:36]} 4. O-O
{[%clk 1:32:12]} Be7 {[%clk 1:31:55]} 5. c4 {[%clk 1:32:37]} d4 {[%clk 1:26:45]}
6. e3 {[%clk 1:32:39]} dxe3 {[%clk 1:26:02]} 7. dxe3 {[%clk 1:32:58]} O-O
{[%clk 1:24:23]} 8. Nc3 {[%clk 1:32:55]} c6 {[%clk 1:23:24]} 9. Qc2
{[%clk 1:33:02]} Qc7 {[%clk 1:20:54]} 10. e4 {[%clk 1:32:57]} e5 {[%clk 1:17:57]}
11. Be3 {[%clk 1:32:05]} Be6 {[%clk 1:15:39]} 12. b3 {[%clk 1:31:56]} h6
{[%clk 1:13:22]} 13. Nh4 {[%clk 1:30:32]} Ng4 {[%clk 1:10:43]} 14. Nf5
{[%clk 1:30:26]} Bxf5 {[%clk 1:10:22]} 15. exf5 {[%clk 1:30:55]} Nxe3
{[%clk 1:09:19]} 16. fxe3 {[%clk 1:31:24]} Nd7 {[%clk 1:07:41]} 17. Ne4
{[%clk 1:31:23]} Nf6 {[%clk 1:07:17]} 18. Rad1 {[%clk 1:30:59]} Rad8
{[%clk 1:06:13]} 19. Kh1 {[%clk 1:31:00]} Nxe4 {[%clk 1:05:02]} 20. Qxe4
{[%clk 1:31:26]} Rxd1 {[%clk 1:03:31]} 21. Rxd1 {[%clk 1:31:54]} Rd8
{[%clk 1:03:41]} 22. Qc2 {[%clk 1:31:39]} Rxd1+ {[%clk 1:03:42]} 23. Qxd1
{[%clk 1:32:08]} Qd6 {[%clk 1:04:01]} 24. Qxd6 {[%clk 1:32:18]} Bxd6
{[%clk 1:04:22]} 25. Kg1 {[%clk 1:32:45]} f6 {[%clk 1:04:32]} 26. Kf2
{[%clk 1:32:57]} Kf7 {[%clk 1:04:55]} 27. Ke2 {[%clk 1:33:01]} a5
{[%clk 1:04:54]} 28. Kd3 {[%clk 1:33:03]} Ke7 {[%clk 1:04:51]} 29. Be4
{[%clk 1:33:02]} Bb4 {[%clk 1:05:02]} 30. Bf3 {[%clk 1:32:26]} Ba3
{[%clk 1:05:23]} 31. g4 {[%clk 1:31:19]} Bb4 {[%clk 1:05:47]} 32. Bg2
{[%clk 1:31:35]} Ba3 {[%clk 1:06:09]} 33. Kc2 {[%clk 1:31:49]} Bb4
{[%clk 1:06:32]} 34. Bf3 {[%clk 1:31:40]} Ba3 {[%clk 1:06:55]} 35. h4
{[%clk 1:31:10]} Bb4 36. Kb2 {[%clk 1:30:26]} Bc5 {[%clk 1:07:24]} 37. e4
{[%clk 1:30:51]} Bf2 {[%clk 1:07:19]} 38. h5 {[%clk 1:31:19]} Bc5
{[%clk 1:07:42]} 39. a3 {[%clk 1:31:16]} Bd6 {[%clk 1:08:03]} 40. Be2
{[%clk 1:30:38]} Bc5 {[%clk 1:08:24]} 41. Bd3 {[%clk 1:30:36]} Bd4+
{[%clk 1:08:49]} 42. Kc2 {[%clk 1:30:44]} Bc5 {[%clk 1:09:13]} 1/2-1/2

[Event "EYCC 2024 - O12"]
[Site "?"]
[Date "2024.08.23"]
[Round "2.14"]
[White "Skytte, Robert"]
[Black "Lilliehook, Victor"]
[Result "1-0"]
[BlackElo "2040"]
[WhiteElo "1866"]
[LiveChessVersion "1.4.8"]

1. e4 {[%clk 1:30:52]} e5 {[%clk 1:30:57]} 2. Nf3 {[%clk 1:31:10]} Nc6
{[%clk 1:31:22]} 3. Bc4 {[%clk 1:31:34]} Nf6 {[%clk 1:31:45]} 4. O-O
{[%clk 1:31:50]} Nxe4 {[%clk 1:32:10]} 5. Nc3 {[%clk 1:32:15]} Nxc3
{[%clk 1:32:27]} 6. dxc3 {[%clk 1:32:38]} f6 {[%clk 1:32:45]} 7. Re1
{[%clk 1:32:40]} d6 {[%clk 1:31:01]} 8. Bf4 {[%clk 1:28:53]} Qd7 {[%clk 1:21:45]}
9. Qd5 {[%clk 1:22:38]} Nd8 {[%clk 1:16:02]} 10. Bb3 {[%clk 1:17:56]} Be7
{[%clk 1:12:10]} 11. Bg3 {[%clk 1:17:01]} c6 {[%clk 1:10:09]} 12. Qd1
{[%clk 1:15:44]} Nf7 {[%clk 1:05:14]} 13. Bxf7+ {[%clk 1:12:24]} Kxf7
{[%clk 1:05:16]} 14. Qe2 {[%clk 1:07:24]} Re8 {[%clk 1:01:01]} 15. Rad1
{[%clk 1:06:54]} Qc7 {[%clk 0:56:39]} 16. Nh4 {[%clk 1:01:00]} g6
{[%clk 0:53:01]} 17. f4 {[%clk 0:58:13]} f5 {[%clk 0:43:26]} 18. fxe5
{[%clk 0:54:15]} Bxh4 {[%clk 0:39:11]} 19. Qc4+ {[%clk 0:54:28]} Kg7
{[%clk 0:37:28]} 20. Qxh4 {[%clk 0:51:41]} dxe5 {[%clk 0:31:50]} 21. Bf4
{[%clk 0:48:52]} Qb6+ {[%clk 0:20:01]} 22. Kh1 {[%clk 0:47:47]} e4
{[%clk 0:18:28]} 23. Rd6 {[%clk 0:44:56]} Kg8 {[%clk 0:10:55]} 24. Qh6
{[%clk 0:39:48]} Re7 {[%clk 0:08:19]} 25. Red1 {[%clk 0:32:28]} Be6
{[%clk 0:05:57]} 26. Rxe6 {[%clk 0:32:17]} Rd8 {[%clk 0:05:30]} 27. Red6
{[%clk 0:31:27]} Rxd6 {[%clk 0:05:07]} 28. Bxd6 {[%clk 0:31:26]} Qd8
{[%clk 0:01:40]} 29. Qg5 {[%clk 0:27:04]} Rd7 {[%clk 0:02:07]} 30. Qxd8+ Rxd8 31.
Kg1 {[%clk 0:27:33]} Kf7 {[%clk 0:00:45]} 32. Rd4 {[%clk 0:27:14]} Re8
{[%clk 0:00:51]} 33. Bf4 {[%clk 0:27:24]} Re7 {[%clk 0:00:53]} 34. Bg5
{[%clk 0:27:44]} Rc7 {[%clk 0:01:17]} 35. Kf2 {[%clk 0:27:53]} Kg7
{[%clk 0:01:11]} 36. Bd8 {[%clk 0:27:07]} Rf7 {[%clk 0:01:26]} 37. Ke3
{[%clk 0:26:57]} h6 {[%clk 0:01:13]} 38. h4 {[%clk 0:27:17]} Kh7 {[%clk 0:01:06]}
39. Rd6 {[%clk 0:26:49]} Rg7 {[%clk 0:00:38]} 40. Re6 {[%clk 0:26:55]} g5
{[%clk 0:00:46]} 41. Re7 {[%clk 0:26:47]} Rxe7 {[%clk 0:01:12]} 42. Bxe7
{[%clk 0:27:10]} Kg6 {[%clk 0:01:41]} 43. hxg5 {[%clk 0:27:33]} hxg5
{[%clk 0:02:09]} 44. g4 {[%clk 0:27:45]} fxg4 {[%clk 0:01:58]} 45. Kxe4
{[%clk 0:28:09]} Kh5 {[%clk 0:02:22]} 46. Ke3 {[%clk 0:28:15]} Kh4
{[%clk 0:02:39]} 47. Kf2 {[%clk 0:28:38]} Kh3 {[%clk 0:02:03]} 48. Bxg5
{[%clk 0:28:53]} g3+ {[%clk 0:02:13]} 49. Kg1 {[%clk 0:29:16]} Kg4
{[%clk 0:01:59]} 50. Be3 {[%clk 0:29:35]} Kf3 {[%clk 0:02:26]} 51. Bxa7
{[%clk 0:29:56]} Ke2 {[%clk 0:02:51]} 52. b4 {[%clk 0:24:36]} Kd2
{[%clk 0:01:55]} 53. Bd4 {[%clk 0:24:59]} b6 {[%clk 0:01:06]} 54. a4
{[%clk 0:25:16]} c5 {[%clk 0:00:40]} 55. Bxc5 {[%clk 0:25:37]} 1-0

[Event "EYCC 2024 - O12"]
[Site "?"]
[Date "2024.08.23"]
[Round "2.15"]
[White "Jalving, August"]
[Black "Pernigotti, Jacopo"]
[Result "1-0"]
[BlackElo "1866"]
[WhiteElo "2027"]
[LiveChessVersion "1.4.8"]

1. e4 {[%clk 1:30:52]} d5 {[%clk 1:30:59]} 2. exd5 {[%clk 1:31:01]} Nf6
{[%clk 1:31:20]} 3. c4 {[%clk 1:30:20]} c6 {[%clk 1:31:31]} 4. dxc6
{[%clk 1:30:17]} Nxc6 {[%clk 1:31:57]} 5. Nf3 {[%clk 1:29:47]} Bg4
{[%clk 1:31:02]} 6. Be2 {[%clk 1:29:06]} e5 {[%clk 1:28:17]} 7. O-O
{[%clk 1:24:53]} e4 {[%clk 1:24:25]} 8. Ne1 {[%clk 1:23:26]} Bxe2
{[%clk 1:21:29]} 9. Qxe2 {[%clk 1:23:32]} Bc5 {[%clk 1:21:32]} 10. d3
{[%clk 1:21:46]} Nd4 {[%clk 1:18:50]} 11. Qd1 {[%clk 1:20:43]} O-O
{[%clk 1:18:22]} 12. Be3 {[%clk 1:11:52]} Qd7 {[%clk 1:11:50]} 13. dxe4
{[%clk 1:10:07]} Nxe4 {[%clk 1:07:28]} 14. b4 {[%clk 1:09:10]} Bb6
{[%clk 0:59:53]} 15. c5 {[%clk 1:08:54]} Bc7 {[%clk 1:00:06]} 16. Qxd4
{[%clk 1:08:44]} Qe6 {[%clk 1:00:26]} 17. Nf3 {[%clk 1:08:12]} Bd8
{[%clk 0:58:19]} 18. Nbd2 {[%clk 1:07:55]} Nf6 {[%clk 0:55:10]} 19. Bf4
{[%clk 1:00:49]} Nh5 {[%clk 0:48:48]} 20. Rfe1 {[%clk 0:59:16]} Bf6
{[%clk 0:48:20]} 21. Be5 {[%clk 0:59:28]} 1-0

[Event "EYCC 2024 - O12"]
[Site "?"]
[Date "2024.08.23"]
[Round "2.16"]
[White "Prochazka, Michal"]
[Black "Aeschbacher, Dimitri"]
[Result "0-1"]
[BlackElo "2021"]
[WhiteElo "1861"]
[LiveChessVersion "1.4.8"]

1. e4 {[%clk 1:30:57]} e5 {[%clk 1:30:53]} 2. Nf3 {[%clk 1:31:15]} Nc6
{[%clk 1:31:18]} 3. Nc3 {[%clk 1:31:20]} Nf6 {[%clk 1:31:32]} 4. d4
{[%clk 1:31:39]} exd4 {[%clk 1:31:55]} 5. Nxd4 {[%clk 1:32:00]} Bb4
{[%clk 1:32:12]} 6. Nxc6 {[%clk 1:31:46]} bxc6 {[%clk 1:32:39]} 7. Bd3
{[%clk 1:31:55]} O-O {[%clk 1:32:57]} 8. O-O {[%clk 1:32:17]} d5 {[%clk 1:33:24]}
9. exd5 {[%clk 1:32:36]} cxd5 {[%clk 1:33:44]} 10. Bg5 {[%clk 1:31:15]} c6
{[%clk 1:33:37]} 11. Qf3 {[%clk 1:31:02]} Bd6 {[%clk 1:33:19]} 12. h3
{[%clk 1:29:09]} Rb8 {[%clk 1:33:05]} 13. Rab1 {[%clk 1:16:35]} Be5
{[%clk 1:30:36]} 14. Rfe1 {[%clk 1:15:55]} Bc7 {[%clk 1:22:57]} 15. Ne2
{[%clk 1:10:05]} Qd6 {[%clk 1:19:54]} 16. Bf4 {[%clk 1:06:17]} Qd8
{[%clk 1:19:07]} 17. Bg5 {[%clk 1:04:57]} h6 {[%clk 1:17:37]} 18. Bh4
{[%clk 1:03:17]} Rb4 {[%clk 1:11:17]} 19. Bg3 {[%clk 1:00:24]} Re8
{[%clk 1:01:31]} 20. c3 {[%clk 0:57:26]} Rb6 {[%clk 1:01:57]} 21. b3
{[%clk 0:48:34]} c5 {[%clk 0:57:29]} 22. Nf4 {[%clk 0:46:08]} Bb7
{[%clk 0:52:19]} 23. Nh5 {[%clk 0:35:18]} Rxe1+ {[%clk 0:51:07]} 24. Rxe1
{[%clk 0:34:51]} Bxg3 {[%clk 0:48:00]} 25. Nxg3 {[%clk 0:20:42]} c4
{[%clk 0:46:26]} 26. bxc4 {[%clk 0:18:41]} dxc4 {[%clk 0:46:46]} 27. Be4
{[%clk 0:19:02]} Nxe4 {[%clk 0:46:09]} 28. Nxe4 {[%clk 0:18:28]} Re6
{[%clk 0:40:17]} 29. Qf4 {[%clk 0:10:04]} Qb6 {[%clk 0:38:24]} 30. Kh2
{[%clk 0:05:26]} g5 {[%clk 0:32:19]} 31. Qg4 {[%clk 0:02:29]} Qc7+
{[%clk 0:28:12]} 32. Kg1 {[%clk 0:02:17]} Qf4 {[%clk 0:28:01]} 33. f3
{[%clk 0:01:40]} f5 {[%clk 0:26:36]} 34. Qh5 {[%clk 0:00:44]} fxe4
{[%clk 0:26:45]} 0-1